000 00802nam a2200253 i 4500
003 DO-SdBNP
005 20260116094317.0
007 ta
008 260116b199- dr a|||| |||| 00| 0 spa d
040 _aDO-SdBNP
_bspa
_cBNPHU
_erda
041 _aspa
082 4 _axxx
_bxxx
_222
100 _aValenzuela Castillo, Miguel A.,
_eautor
_4aut.
_988876
245 1 0 _aUniversos naturales :
_becología /
_cMiguel A. Valenzuela Castillo
250 _aCuarta edición
264 1 _aSanto Domingo :
_bEditor no identificado,
_c199-
300 _a128 páginas :
_bilustraciones ;
_c21 cm.
336 _atexto
_btxt
_2rdacontent
337 _asin mediación
_bn
_2rdamedia
338 _avolumen
_bnc
_2rdacarrier
504 _aBibliografía : páginas 127-128
590 _aInventariado, 2026/BT
942 _2ddc
_cLBS1
999 _c60109
_d60109